00852nab a2200205uuc4500001000800000005001700008008004100025035001200066040001300078041000800091100004800099245009900147650005100246650002700297650005100324650002700375700004600402700004900448773014900497147707620240202130009.0171024e20160510 spa  a1477076 ccomduadb aspa10aZapata Vélez, Andrés Mauricio4auteaut10aFactores institucionales incidentes en el rendimiento académico : un estudio de percepción aRendimiento académico - Antioquia (Colombia) aEstudios exploratorios aInfraestructura fisica - Ciudad Universitaria aDocencia universitaria10aCabrera Díaz, Gloria Patricia4auteaut10aVelásquez Palacio, Melbin Amparo4auteaut0 tRevista de Psicología : Universidad de Antioquia (Medellín)gVolumen 08, Número 01, Enero-Junio de 2016, 35-48w1143107x2145-48920503477